|
|
|
|
| LEADER |
02951nam a2200541 a 4500 |
| 001 |
nkc20051627153 |
| 003 |
CZ PrNK |
| 005 |
20100121083844.0 |
| 007 |
ta |
| 008 |
051014s2005 xr a e p 000 0 cze |
| 015 |
|
|
|a cnb001627153
|
| 020 |
|
|
|a 80-248-0910-9
|q (brož.)
|
| 020 |
|
|
|a 978-80-248-0910-6
|q (dotisk ;
|q brož.)
|
| 035 |
|
|
|a (OCoLC)85163722
|
| 040 |
|
|
|a BOA001
|b cze
|d ABA001
|
| 072 |
|
7 |
|a 33
|x Ekonomie
|2 Konspekt
|9 4
|
| 072 |
|
7 |
|a 37.016
|x Učební osnovy. Vyučovací předměty. Učebnice
|2 Konspekt
|9 22
|
| 080 |
|
|
|a 330.101.542
|2 MRF
|
| 080 |
|
|
|a (075.8)
|2 MRF
|
| 100 |
1 |
|
|a Jurečka, Václav,
|d 1943-
|7 jn20001227410
|4 aut
|
| 245 |
1 |
0 |
|a Mikroekonomie :
|b učební text pro bakalářské studium /
|c Václav Jurečka, Ivana Jánošíková a kolektiv
|
| 250 |
|
|
|a 1. vyd.
|
| 260 |
|
|
|a Ostrava :
|b VŠB - Technická univerzita,
|c 2005
|
| 300 |
|
|
|a ix, 315 s. :
|b il. ;
|c 29 cm
|
| 500 |
|
|
|a Nad názvem: Vysoká škola báňská - Technická univerzita Ostrava, Ekonomická fakulta
|
| 500 |
|
|
|a 1000 výt., v r. 2006 dotisk 500 výt., v r. 2007 dotisk 300 výt., v r. 2008 [1.] dotisk 400 výt., v r. 2008 [2.] dotisk 300 výt., v r. 2008 [3.] dotisk 2008 250 výt., v r. 2009 dotisk 500 výt.
|
| 504 |
|
|
|a Obsahuje bibliografii a bibliografické odkazy
|
| 521 |
8 |
|
|a Určeno pro posluchače 1. roč. Ekonomické fakulty
|
| 650 |
0 |
7 |
|a mikroekonomie
|7 ph115305
|2 czenas
|
| 650 |
0 |
9 |
|a microeconomics
|2 eczenas
|
| 655 |
|
7 |
|a učebnice vysokých škol
|7 fd133772
|2 czenas
|
| 655 |
|
9 |
|a textbooks (higher)
|2 eczenas
|
| 700 |
1 |
|
|a Jánošíková, Ivana,
|d 1963-
|7 mzk2004217592
|4 aut
|
| 710 |
2 |
|
|a Vysoká škola báňská - Technická univerzita Ostrava.
|b Ekonomická fakulta
|7 kn20010709388
|
| 856 |
4 |
1 |
|u http://www.digitalniknihovna.cz/mzk/uuid/uuid:30a64530-e3ce-11e6-8a71-005056827e52
|y Digitalizovaný dokument
|x NDK
|
| 910 |
2 |
|
|a BOA001
|b 3-1158.888
|
| 928 |
9 |
|
|a Vysoká škola báňská - Technická univerzita
|
| 990 |
|
|
|a BK
|
| 995 |
|
|
|a 01
|
| 991 |
|
|
|b 200511
|c NOV
|
| 996 |
6 |
|
|b 2610261358
|c 3-1158.888
|l MZK
|r Sklad / do 1 hodiny
|n 1
|p p.v.
|w 000792955
|u 000010
|a 1
|e BOA001
|j MZK50
|s P
|
| 996 |
7 |
|
|b 2610299458
|c 3-1158.888
|l MZK
|r Sklad / do 1 hodiny
|n 8
|p p.v.; dotisk 2006
|w 000792955
|u 000020
|a 1
|e BOA001
|j MZK50
|s A
|
| 996 |
7 |
|
|b 2610302477
|c 3-1158.888
|l MZK
|r Sklad / do 1 hodiny
|n 16
|p p.v. dotisk 2007
|w 000792955
|u 000030
|a 1
|e BOA001
|j MZK50
|s A
|
| 996 |
7 |
|
|b 2610323832
|c 3-1158.888
|l MZK
|r Sklad / do 1 hodiny
|n 17
|p p.v. dotisk 2007
|w 000792955
|u 000040
|a 1
|e BOA001
|j MZK50
|s A
|
| 996 |
7 |
|
|b 2610339921
|c 3-1158.888
|l MZK
|r Sklad / do 1 hodiny
|n 20
|p p.v.
|w 000792955
|u 000050
|a 1
|e BOA001
|j MZK50
|s A
|
| 996 |
7 |
|
|b 2610361429
|c 3-1158.888
|l MZK
|r Sklad / do 1 hodiny
|n 22
|p p.v.
|w 000792955
|u 000060
|a 1
|e BOA001
|j MZK50
|s A
|
| 996 |
7 |
|
|b 2610394453
|c 3-1158.888
|l MZK
|r Sklad / do 1 hodiny
|n 17
|p p.v.
|w 000792955
|u 000070
|a 1
|e BOA001
|j MZK50
|s A
|
| 996 |
7 |
|
|b 2610404746
|c 3-1158.888
|l MZK
|r Sklad / do 1 hodiny
|n 22
|p p.v.
|w 000792955
|u 000080
|a 1
|e BOA001
|j MZK50
|s A
|